Normal view
MARC view
- Germany.
Entry Corporate Name
001 - CONTROL NUMBER
- control field: 110366
003 - CONTROL NUMBER IDENTIFIER
- control field: NUST
005 - DATE AND TIME OF LATEST TRANSACTION
- control field: 20230316102839.0
008 - FIXED-LENGTH DATA ELEMENTS
- fixed length control field: 230316|| aca||aabn | a|a d
040 ## - CATALOGING SOURCE
- Original cataloging agency: NUST
- Transcribing agency: NUST
110 ## - HEADING--CORPORATE NAME
- Corporate name or jurisdiction name as entry element: Germany.
- Subordinate unit: Heer
- General subdivision: Biography
670 ## - SOURCE DATA FOUND
- Source citation: Work cat.: (NUST)185123: Macksey, Kenneth. 46254, Guderian, Panzer general /, 1975.
